000 00402nam a2200145Ia 4500
008 230917s9999||||xx |||||||||||||| ||und||
040 _e36518
_aMAIN
041 _aEnglish
082 _a954.01 C392B
100 _aChattopadhyaya, Sudhakar
245 0 _aBimbisara to Asoka: with an appendix on the later Mauryas
260 _aCalcutta
_bRoy and Chowdhury
_c1977
300 _axv, 225 p.
942 _cBK
999 _c186937
_d186937